000 00406nam a2200169 a 4500
001 0000-8852
003 ELIB.Books
008 110520 1970
035 _a(ELIB.Books)0000-8998
082 _aFic
_bMcI
100 _aMcInnes, John A.
245 _aTime for a Tale
260 _bWest Melbourne: Nelson
_c1970
650 _aFiction
942 _2ddc
_cBK
998 _cbat
_e2011-05-20
999 _c8852
_d8852